000 00628nam a2200229Ia 4500
003 OSt
005 20220918174954.0
006 a|||||r|||| 00| 0
007 ta
008 220917b |||||||| |||| 00| 0 eng d
024 _a14,939
037 _cTextual
040 _aARTS
_cARTS
_beng
041 _2eng
_aeng
082 _aOv5:N3, J3
100 _aBrett-James Antony
_952350
245 0 _aTriple stream four centuries of English, French and German literature, 1531-1930
260 _c1953
650 _aENGLISH LITERATURE
942 _hOv5:N3, J3
_cTEXL
_2CC
999 _c155399
_d155399